| 000 | 01892nam0a22004691 4500 | ||
|---|---|---|---|
| 001 | RU\NLR\A1SV\57933 | ||
| 005 | 20260225112254.1 | ||
| 035 | _a(NLR Aleph) 009739889 | ||
| 090 |
_a9940015 _c9940015 |
||
| 100 | _a20071219d1924 u y0rusy50 ca | ||
| 101 | 0 | _arus | |
| 102 | _aRU | ||
| 200 | 1 |
_aЛенина нет... _eСтихи, посвящ. памяти В.И.Ленина |
|
| 210 |
_aМ. _cСоврем. проблемы _d1924 |
||
| 215 |
_a55, [28] с. _cпортр. _d17 см |
||
| 300 | _aЧасть текста напеч. на одной стороне листа | ||
| 327 | 0 | _aАвт.: В.Брюсов, В.Бутягина, М.Герасимов, А.Гойхбарг, В.Ильина, В.Инбер, Р.Ивнев, В.Каменский, Т.Майская, С.Минин и др. | |
| 620 | _dМосква | ||
| 702 | 1 |
_aБрюсов _bВ. |
|
| 702 | 1 |
_aБутягина _bВ.А. _f1901-1929 _gВарвара Александровна |
|
| 702 | 1 |
_aГерасимов _bМ. |
|
| 702 | 1 |
_aГойхбарг _bА.Г. _f1883-1962 _gАлександр Григорьевич |
|
| 702 | 1 |
_aИльина _bВ.В. _f1894-1966 _gВера Васильевна |
|
| 702 | 1 |
_aИнбер _bВ.М. _f1890-1972 _gВера Михайловна |
|
| 702 | 1 |
_aИвнев _bР. _f1891-1981 _gРюрик |
|
| 702 | 1 |
_aКаменский _bВ. В. _cпоэт, прозаик _f1884-1961 _gВасилий Васильевич _3RU\NLR\AUTH\7743310 _4070 |
|
| 702 | 1 |
_aМайская _bТ. |
|
| 702 | 1 |
_aМинин _bС.К. _f1882-1962 _gСергей Константинович |
|
| 801 | 0 |
_aRU _bNLR _c20071219 |
|
| 852 |
_aNLR _j40.12.7.97 |
||
| 899 | _aРКП | ||
| 899 | _aГОПБ | ||
| 899 | _aРГБ | ||
| 899 | _aТОУНБ | ||
| 899 | _aНБУВ | ||
| 899 | _aМГУ | ||
| 942 | _cBOOK | ||
| 980 | _aNB | ||
| 980 | _aA1SV | ||
| 980 | _aA1SV | ||
| 980 | _aA1SV | ||